|
|
|
|
| LEADER |
00000nlm0a2200000 4500 |
| 001 |
341101 |
| 005 |
20231102005317.0 |
| 035 |
|
|
|a (RuTPU)RU\TPU\book\368403
|
| 035 |
|
|
|a RU\TPU\book\368402
|
| 090 |
|
|
|a 341101
|
| 100 |
|
|
|a 20180606d2018 k y0rusy50 ca
|
| 101 |
0 |
|
|a rus
|
| 102 |
|
|
|a RU
|
| 105 |
|
|
|a a m 000zy
|
| 135 |
|
|
|a drcn ---uucaa
|
| 181 |
|
0 |
|a i
|
| 182 |
|
0 |
|a b
|
| 200 |
1 |
|
|a Исследование электромеханической совместимости ветроэнергетической установки с автономной электроэнергетической системой
|b Электронный ресурс
|e диссертация на соискание ученой степени кандидата технических наук
|e спец. 05.14.02
|f А. А. Ачитаев
|g Новосибирский государственный технический университет (НГТУ) ; науч. рук. С. Н. Удалов
|
| 203 |
|
|
|a Текст
|c электронный
|
| 210 |
|
|
|a Новосибирск
|d 2018
|
| 215 |
|
|
|a 1 файл (5 620 KB)
|
| 230 |
|
|
|a Электронные текстовые данные (1 файл : 5 620 KB)
|
| 300 |
|
|
|a Заглавие с титульного экрана
|
| 300 |
|
|
|a Электронная версия печатной публикации
|
| 452 |
|
1 |
|0 (RuTPU)RU\TPU\book\369996
|t Исследование электромеханической совместимости ветроэнергетической установки с автономной электроэнергетической системой
|o диссертация на соискание ученой степени кандидата технических наук
|o спец. 05.14.02
|f А. А. Ачитаев
|g Новосибирский государственный технический университет (НГТУ) ; науч. рук. С. Н. Удалов
|c Новосибирск
|n [Б. и.]
|d 2018
|p 177 л.
|a Ачитаев, Андрей Александрович
|
| 606 |
1 |
|
|a Ветроэлектроэнергетика
|2 stltpush
|3 (RuTPU)RU\TPU\subj\2334
|9 30914
|
| 606 |
1 |
|
|a Электроэнергетика
|x Электромагнитная совместимость
|2 stltpush
|3 (RuTPU)RU\TPU\subj\67663
|9 83384
|
| 610 |
1 |
|
|a электронный ресурс
|
| 610 |
1 |
|
|a диссертации
|
| 610 |
1 |
|
|a ветроэнергетические установки
|
| 610 |
1 |
|
|a автономные системы
|
| 610 |
1 |
|
|a электроэнергетические системы
|
| 610 |
1 |
|
|a синхронные генераторы
|
| 610 |
1 |
|
|a электрическая энергия
|
| 610 |
1 |
|
|a переходные режимы
|
| 610 |
1 |
|
|a вариаторы
|
| 610 |
1 |
|
|a энергоблоки
|
| 610 |
1 |
|
|a АЭС
|
| 610 |
1 |
|
|a электромеханическая совместимость
|
| 610 |
1 |
|
|a математические модели
|
| 610 |
1 |
|
|a динамические модели
|
| 610 |
1 |
|
|a электрические сети
|
| 610 |
1 |
|
|a преобразователи частоты
|
| 675 |
|
|
|a 621.311.24(04)
|v 4
|
| 675 |
|
|
|a 621.31:53(04)
|v 4
|
| 686 |
|
|
|a 05.14.02
|2 oksvnk
|
| 700 |
|
1 |
|a Ачитаев
|b А. А.
|g Андрей Александрович
|
| 702 |
|
1 |
|a Удалов
|b С. Н.
|g Сергей Николаевич
|4 727
|
| 712 |
0 |
2 |
|a Новосибирский государственный технический университет (НГТУ)
|c (1992- )
|2 stltpush
|3 (RuTPU)RU\TPU\col\36
|
| 801 |
|
2 |
|a RU
|b 63413507
|c 20190212
|g RCR
|
| 856 |
4 |
|
|u http://earchive.tpu.ru/handle/11683/52739
|
| 942 |
|
|
|c CF
|